[Event "4NCL Division Four"]
[Site "Warwick, ENG"]
[Date "2024.03.10"]
[Round "8.128"]
[White "Feavyour, John A"]
[Black "Combie, Alex B"]
[Result "1-0"]
[WhiteElo "1863"]
[BlackElo "1787"]
[PlyCount "125"]
[EventDate "2024.03.10"]
[WhiteTeam "Iceni 2"]
[BlackTeam "Ashfield 2"]

1. d4 d5 2. c4 c6 3. cxd5 cxd5 4. Nc3 Nc6 5. Bf4 Bf5 6. e3 e6 7. Nf3 Nf6 8. Bd3
Bxd3 9. Qxd3 Bd6 10. Bxd6 Qxd6 11. O-O O-O 12. a3 a6 13. b4 b5 14. Rac1 Rac8
15. Rc2 Rc7 16. Rfc1 Rfc8 17. h3 h6 18. Nd2 Nd7 19. Nb3 Nb6 20. Nc5 Nc4 21.
Nxa6 Nxa3 22. Nxc7 Nxc2 23. N3xb5 N2xb4 24. Nxd6 Nxd3 25. Rxc6 Rb8 26. Ndb5 Nb4
27. Rc3 Na6 28. Nxa6 Rxb5 29. Nc5 Kf8 30. Rb3 Ra5 31. Rb7 Ra8 32. Nd7+ Kg8 33.
Rb8+ Rxb8 34. Nxb8 Kf8 35. Nd7+ Ke7 36. Nc5 Kd6 37. f4 Ke7 38. Kf2 Kd6 39. Kf3
Ke7 40. Nd3 Kd6 41. g4 Ke7 42. f5 Kf6 43. fxe6 fxe6 44. h4 g5 45. h5 Ke7 46.
Ne5 Kf6 47. Ke2 Ke7 48. Kd3 Kf6 49. Kc3 Ke7 50. Kb4 Kf6 51. Kc5 Ke7 52. Kc6 Kf6
53. Kd6 Kg7 54. Kxe6 Kh8 55. Kxd5 Kg7 56. Ke6 Kh7 57. d5 Kg7 58. d6 Kh7 59. d7
Kg7 60. d8=Q Kh7 61. Qe7+ Kh8 62. Kf6 Kg8 63. Qg7# 1-0

[Event "4NCL Division Four"]
[Site "Warwick, ENG"]
[Date "2024.03.10"]
[Round "8.129"]
[White "Radford, Mark Sr"]
[Black "Kent, Rowan"]
[Result "1/2-1/2"]
[WhiteElo "1771"]
[BlackElo "1676"]
[PlyCount "88"]
[EventDate "2024.03.10"]
[WhiteTeam "Ashfield 2"]
[BlackTeam "Iceni 2"]

1. d4 Nf6 2. c4 g6 3. Nc3 Bg7 4. e4 d6 5. Be2 O-O 6. Nf3 Nbd7 7. Bg5 e5 8. d5
h6 9. Bh4 g5 10. Bg3 Nxe4 11. Nxe4 f5 12. Nc3 f4 13. Qc2 Nf6 14. Nd2 fxg3 15.
f3 Nh5 16. O-O-O Qf6 17. Nce4 Qf4 18. Kb1 gxh2 19. Nf1 Bf5 20. Bd3 Bxe4 21.
Bxe4 Ng3 22. Nxg3 Qxg3 23. Bf5 Rf6 24. Be6+ Kh8 25. Rde1 Raf8 26. a3 Rf4 27.
Ka2 e4 28. Bg4 Re8 29. Be6 exf3 30. gxf3 Rxf3 31. Re2 Ref8 32. Rexh2 R8f6 33.
Qa4 Rf8 34. Qd7 R3f6 35. Bf5 Qxh2 36. Rxh2 Rxf5 37. Qxc7 Kh7 38. Re2 Rf2 39.
Qe7 g4 40. Qe4+ Kh8 41. Qxg4 Be5 42. Qe4 R8f4 43. Qc2 Bd4 44. Kb1 Rf1+ 1/2-1/2

[Event "4NCL Division Four"]
[Site "Telford, ENG"]
[Date "2024.05.04"]
[Round "9.11"]
[White "Wong, Chun Hei"]
[Black "Onley, David E"]
[Result "1-0"]
[WhiteElo "2048"]
[BlackElo "2156"]
[PlyCount "103"]
[EventDate "2024.05.04"]
[WhiteTeam "Average Woodpushers"]
[BlackTeam "War and Piece A"]

1. d4 g6 2. e4 Bg7 3. Nc3 d6 4. Be3 a6 5. Qd2 b5 6. h4 h6 7. h5 g5 8. f4 b4 9.
Nce2 Nf6 10. Ng3 Ng4 11. fxg5 Nxe3 12. Qxe3 c5 13. dxc5 Qa5 14. Kf2 Nc6 15. Nf3
dxc5 16. Bc4 Ne5 17. Nxe5 Bxe5 18. Rad1 Be6 19. Bd5 Rc8 20. Nf5 hxg5 21. Qxg5
Bf6 22. Ng7+ Kf8 23. Nxe6+ fxe6 24. Qg4 Qb6 25. Bxe6 Rb8 26. Bc4 Bxb2 27. Ke2
Bd4 28. h6 Ke8 29. h7 Kd8 30. Rh5 Kc7 31. Rf1 Rbf8 32. Rxf8 Rxf8 33. Rf5 Qh6
34. Rxf8 Qxf8 35. Qg3+ Kb7 36. Bd5+ Kb6 37. Bc4 Kb7 38. Bd5+ Kb6 39. Qg6+ Ka5
40. Bf7 Qb8 41. Bc4 Bf6 42. Qf5 Qd6 43. Qe6 Qxe6 44. Bxe6 Kb5 45. Kf3 c4 46.
Kf4 Kc5 47. e5 Bh8 48. Kf5 a5 49. Kg6 a4 50. Kf7 Kd4 51. g4 c3 52. g5 1-0

[Event "4NCL Division Four"]
[Site "Telford, ENG"]
[Date "2024.05.04"]
[Round "9.12"]
[White "Tenin, Aleksander"]
[Black "Pelling, Kyle"]
[Result "1-0"]
[WhiteElo "2061"]
[BlackElo "2036"]
[PlyCount "47"]
[EventDate "2024.05.04"]
[WhiteTeam "War and Piece A"]
[BlackTeam "Average Woodpushers"]

1. e4 g6 2. Nc3 Bg7 3. d4 c5 4. Be3 cxd4 5. Bxd4 Nf6 6. e5 Nh5 7. Qd2 d6 8. Nf3
Nc6 9. Bb5 O-O 10. Bxc6 bxc6 11. O-O-O f6 12. Qe3 Qa5 13. exf6 exf6 14. Qe7 c5
15. Be3 f5 16. Qxd6 Bxc3 17. Qd5+ Kg7 18. bxc3 Nf6 19. Qxc5 Qxa2 20. Bd4 Rf7
21. Ng5 Rb7 22. Qd6 Rb1+ 23. Kd2 Rxd1+ 24. Rxd1 1-0

[Event "4NCL Division Four"]
[Site "Telford, ENG"]
[Date "2024.05.04"]
[Round "9.13"]
[White "Mulleady, Peter J"]
[Black "Bradley, William"]
[Result "0-1"]
[WhiteElo "1969"]
[BlackElo "1901"]
[PlyCount "74"]
[EventDate "2024.05.04"]
[WhiteTeam "Average Woodpushers"]
[BlackTeam "War and Piece A"]

1. e4 g6 2. d4 Bg7 3. Nc3 d6 4. Be3 a6 5. f4 Nf6 6. Nf3 b5 7. a3 Bb7 8. Bd3
Nbd7 9. h3 c5 10. dxc5 Nxc5 11. Bxc5 dxc5 12. e5 Nh5 13. Be4 Bxe4 14. Nxe4 Nxf4
15. O-O Ne6 16. c3 O-O 17. Qe2 Qc7 18. Nf2 Rad8 19. a4 c4 20. axb5 axb5 21. Qe3
Ra8 22. Rfd1 Qc6 23. Ra7 Bh6 24. Qxh6 Rxa7 25. Ng4 f5 26. exf6 exf6 27. Qh4 Ng5
28. Nd4 Qb6 29. Re1 Rfa8 30. Re6 Nxe6 31. Qxf6 Rg7 32. Kh2 Qc7+ 33. g3 Nxd4 34.
Qxd4 Rd8 35. Qf6 Rd2+ 36. Kh1 Qb7+ 37. Kg1 Qg2# 0-1

[Event "4NCL Division Four"]
[Site "Telford, ENG"]
[Date "2024.05.04"]
[Round "9.14"]
[White "Tarr, Steve F"]
[Black "Rughani, Mahin"]
[Result "0-1"]
[WhiteElo "1780"]
[BlackElo "1845"]
[PlyCount "54"]
[EventDate "2024.05.04"]
[WhiteTeam "War and Piece A"]
[BlackTeam "Average Woodpushers"]

1. d4 c6 2. Nf3 d5 3. c3 Nf6 4. Bf4 Bf5 5. Nbd2 e6 6. e3 Be7 7. Ne5 Nbd7 8. g4
Bg6 9. h4 Nxe5 10. dxe5 Ne4 11. h5 Bh4 12. Rh2 Nxd2 13. Kxd2 Be4 14. f3 g5 15.
fxe4 gxf4 16. exf4 Bg3 17. Re2 Bxf4+ 18. Kc2 Qg5 19. exd5 O-O-O 20. Qd4 Rxd5
21. Qxa7 Rhd8 22. a4 Qxg4 23. Re4 Qf5 24. Rae1 Bd2 25. R1e2 Qxf1 26. Rf2 Qd3+
27. Kb3 Qxe4 0-1

[Event "4NCL Division Four"]
[Site "Telford, ENG"]
[Date "2024.05.04"]
[Round "9.15"]
[White "Hutchinson, Joel"]
[Black "Barnes, David"]
[Result "1/2-1/2"]
[WhiteElo "1884"]
[BlackElo "1738"]
[PlyCount "64"]
[EventDate "2024.05.04"]
[WhiteTeam "Average Woodpushers"]
[BlackTeam "War and Piece A"]

1. e4 e5 2. Nf3 Nf6 3. Nxe5 Nc6 4. Nxc6 dxc6 5. d3 Bc5 6. Be2 h5 7. c3 Bb6 8.
Bg5 Qd6 9. Nd2 Ng4 10. Bh4 Qf4 11. Nf3 Be6 12. h3 Ne5 13. Bg3 Nxf3+ 14. Bxf3
Qg5 15. Qd2 Qb5 16. a4 Qa6 17. O-O O-O-O 18. d4 Bb3 19. Be2 Bc4 20. a5 Bc5 21.
Bxc4 Qxc4 22. Rfb1 a6 23. Qf4 Bd6 24. e5 Be7 25. Qf5+ Kb8 26. Qc2 c5 27. dxc5
Bxc5 28. b4 Ba7 29. Rd1 Bd4 30. Rac1 h4 31. Bh2 Bxc3 32. Rf1 Rd3 1/2-1/2

[Event "4NCL Division Four"]
[Site "Telford, ENG"]
[Date "2024.05.04"]
[Round "9.16"]
[White "Ross, David C"]
[Black "Potter, Steven"]
[Result "0-1"]
[WhiteElo "1710"]
[BlackElo "1871"]
[PlyCount "68"]
[EventDate "2024.05.04"]
[WhiteTeam "War and Piece A"]
[BlackTeam "Average Woodpushers"]

1. e4 e6 2. d4 b6 3. Bd3 Bb7 4. Nf3 c5 5. c3 Nf6 6. Nbd2 cxd4 7. cxd4 Nc6 8. a3
Be7 9. O-O O-O 10. Re1 d6 11. Nf1 Nd7 12. Ng3 Bf6 13. Be3 e5 14. d5 Ne7 15. Nh5
Ng6 16. Nxf6+ Nxf6 17. h3 Re8 18. Qd2 a6 19. Rac1 Nxd5 20. exd5 e4 21. Bxe4
Rxe4 22. Qd3 Re8 23. Rc2 b5 24. Rec1 Rc8 25. Ng5 h6 26. Ne4 Ne5 27. Qd4 Rxc2
28. Rxc2 Qe7 29. Nc3 Nc4 30. Bf4 Bc8 31. Re2 Ne5 32. Bg3 Qf6 33. f4 Nf3+ 34.
gxf3 Qxd4+ 0-1

[Event "4NCL Division Four"]
[Site "Telford, ENG"]
[Date "2024.05.04"]
[Round "9.21"]
[White "Cooper, John G"]
[Black "Wasilak, Piotr"]
[Result "1/2-1/2"]
[WhiteElo "2263"]
[BlackElo "1982"]
[PlyCount "102"]
[EventDate "2024.05.04"]
[WhiteTeam "North West Eagles"]
[BlackTeam "Iceni 2"]

1. c4 e6 2. Nc3 d5 3. d4 Nf6 4. Bg5 Be7 5. e3 Nbd7 6. Nf3 c6 7. Bd3 dxc4 8.
Bxc4 Nd5 9. Bxe7 Qxe7 10. O-O O-O 11. Qc2 Re8 12. Rad1 Nxc3 13. Qxc3 Nb6 14.
Bb3 Bd7 15. e4 f6 16. Rfe1 Kh8 17. h3 Qf8 18. Qa5 Re7 19. Re3 Be8 20. Qc5 Bf7
21. a4 Nd7 22. Qb4 Rb8 23. a5 Ree8 24. Qc4 Bg8 25. e5 Rbc8 26. Qe2 f5 27. Rc3
Qb4 28. Ra1 Nb8 29. Bc4 a6 30. Qc2 Qe7 31. Bf1 Rcd8 32. Rc4 Rd5 33. b4 Red8 34.
Qb2 Qd7 35. Rc2 Qe7 36. Bc4 R5d7 37. Rd2 h6 38. Qc3 Rf8 39. Ne1 Rdd8 40. Nd3
Nd7 41. Rad1 Rfe8 42. Bb3 g5 43. Nb2 Nf8 44. Nc4 Qg7 45. Nd6 Re7 46. d5 cxd5
47. Rc2 Bh7 48. Nc8 Rf7 49. Nd6 Re7 50. Nc8 Rf7 51. Nd6 Re7 1/2-1/2

[Event "4NCL Division Four"]
[Site "Telford, ENG"]
[Date "2024.05.04"]
[Round "9.22"]
[White "Rosenbach, Martin"]
[Black "Zeidler, Sven P."]
[Result "0-1"]
[WhiteElo "1890"]
[BlackElo "2205"]
[PlyCount "76"]
[EventDate "2024.05.04"]
[WhiteTeam "Iceni 2"]
[BlackTeam "North West Eagles"]

1. c4 f5 2. g3 Nf6 3. Bg2 d6 4. Nc3 e5 5. d3 Be7 6. e4 c6 7. Nge2 O-O 8. O-O
Na6 9. h3 Qe8 10. exf5 Bxf5 11. g4 Nxg4 12. hxg4 Bxg4 13. f3 Be6 14. Ne4 Qh5
15. Be3 d5 16. cxd5 cxd5 17. N4g3 Qg6 18. a3 h5 19. Kh2 h4 20. Nh1 h3 21. Bxh3
Bxh3 22. Kxh3 d4 23. Bc1 Nc5 24. Nhg3 Rf7 25. Ne4 Raf8 26. N2g3 Ne6 27. b4 Nf4+
28. Kh2 Qe6 29. Bxf4 exf4 30. Ne2 Rf5 31. Nf2 Rh5+ 32. Kg2 Rg5+ 33. Ng4 Rxg4+
34. fxg4 Qxg4+ 35. Kh1 Qh3+ 36. Kg1 Rf5 37. Nxf4 Rg5+ 38. Kf2 Qe3# 0-1

[Event "4NCL Division Four"]
[Site "Telford, ENG"]
[Date "2024.05.04"]
[Round "9.23"]
[White "Kennaugh, Charles W"]
[Black "Feavyour, John A"]
[Result "1-0"]
[WhiteElo "2199"]
[BlackElo "1886"]
[PlyCount "107"]
[EventDate "2024.05.04"]
[WhiteTeam "North West Eagles"]
[BlackTeam "Iceni 2"]

1. e4 c5 2. Nf3 d6 3. d4 cxd4 4. Nxd4 Nf6 5. Nc3 a6 6. a4 g6 7. a5 Bg7 8. Be3
O-O 9. Be2 Bd7 10. O-O Nc6 11. Nb3 Rc8 12. Bb6 Qe8 13. f4 Be6 14. Nd2 Qd7 15.
Bd3 Bg4 16. Qe1 Qe8 17. f5 gxf5 18. exf5 e6 19. Nce4 Nxe4 20. Nxe4 exf5 21.
Nxd6 Qxe1 22. Raxe1 Rb8 23. h3 Bh5 24. c3 Rbd8 25. Bxd8 Rxd8 26. Re8+ Rxe8 27.
Nxe8 Be5 28. g4 Bg6 29. Bxf5 Nxa5 30. Bxg6 hxg6 31. Nf6+ Kg7 32. Ne4 b6 33. g5
Nc4 34. b3 Ne3 35. Rf3 Nd5 36. Kf1 Kf8 37. Ke2 Ke7 38. Kd3 Ke6 39. b4 Nc7 40.
c4 Ke7 41. c5 b5 42. Nd6 Bxd6 43. cxd6+ Kxd6 44. Rxf7 Nd5 45. Kd4 Ke6 46. Rf8
Nxb4 47. Rf6+ Ke7 48. Rxg6 Kf7 49. Rf6+ Kg7 50. h4 Nc2+ 51. Ke4 a5 52. h5 a4
53. h6+ Kg8 54. g6 1-0

[Event "4NCL Division Four"]
[Site "Telford, ENG"]
[Date "2024.05.04"]
[Round "9.24"]
[White "Donaghay, Richard H"]
[Black "Kee, Steve"]
[Result "0-1"]
[WhiteElo "1851"]
[BlackElo "2166"]
[PlyCount "64"]
[EventDate "2024.05.04"]
[WhiteTeam "Iceni 2"]
[BlackTeam "North West Eagles"]

1. e4 c5 2. Nc3 a6 3. g3 Nc6 4. Bg2 g6 5. d3 Bg7 6. Be3 d6 7. Qd2 e5 8. Nge2
Nge7 9. Bh6 O-O 10. h4 f6 11. Bxg7 Kxg7 12. f4 h5 13. Bf3 f5 14. O-O-O Nd4 15.
Nxd4 cxd4 16. Ne2 Ng8 17. exf5 Bxf5 18. Rdg1 Nh6 19. Rg2 Bg4 20. Ng1 Qc7 21.
Bd5 Nf5 22. Nf3 Ne3 23. Ng5 Nxd5 24. f5 Bxf5 25. g4 hxg4 26. h5 Nf4 27. hxg6
Rh8 28. Rgh2 Nh3 29. Nxh3 Rxh3 30. Qg5 Qd7 31. Rxh3 gxh3 32. Rf1 h2 0-1

[Event "4NCL Division Four"]
[Site "Telford, ENG"]
[Date "2024.05.04"]
[Round "9.25"]
[White "Doran, Chris"]
[Black "Todd, Andrew"]
[Result "1/2-1/2"]
[WhiteElo "1989"]
[BlackElo "1732"]
[PlyCount "44"]
[EventDate "2024.05.04"]
[WhiteTeam "North West Eagles"]
[BlackTeam "Iceni 2"]

1. e4 d6 2. d4 Nf6 3. Nc3 e5 4. Nf3 Nbd7 5. Bc4 Be7 6. O-O O-O 7. h3 b6 8. Re1
Bb7 9. Bb3 exd4 10. Nxd4 Nc5 11. Bg5 Nxb3 12. axb3 Nd7 13. Bxe7 Qxe7 14. Nd5
Bxd5 15. exd5 Qf6 16. Nb5 a5 17. Nxc7 Rac8 18. Nb5 Qxb2 19. c3 Rce8 20. Rb1
Rxe1+ 21. Qxe1 Qc2 22. Nxd6 Nc5 1/2-1/2

[Event "4NCL Division Four"]
[Site "Telford, ENG"]
[Date "2024.05.04"]
[Round "9.26"]
[White "Rosenbach, Philip"]
[Black "Banerjee, Sanjoy K"]
[Result "0-1"]
[WhiteElo "1497"]
[BlackElo "1714"]
[PlyCount "30"]
[EventDate "2024.05.04"]
[WhiteTeam "Iceni 2"]
[BlackTeam "North West Eagles"]

1. c4 c5 2. g3 Nc6 3. Bg2 Nf6 4. Nc3 g6 5. e3 Bg7 6. Nge2 O-O 7. O-O d6 8. d4
cxd4 9. exd4 Bd7 10. Bf4 Qb6 11. Qd2 Rac8 12. Bh6 Bxh6 13. Qxh6 Nxd4 14. b3 Bc6
15. Rfe1 Nc2 0-1

[Event "4NCL Division Four"]
[Site "Telford, ENG"]
[Date "2024.05.04"]
[Round "9.31"]
[White "Kitchen, Peter J"]
[Black "Rathbone-Jones, Ifan"]
[Result "0-1"]
[WhiteElo "1807"]
[BlackElo "2004"]
[PlyCount "80"]
[EventDate "2024.05.04"]
[WhiteTeam "Celtic Tigers 3"]
[BlackTeam "ToBeDecided"]

1. Nf3 d5 2. d4 Nf6 3. c4 c6 4. Qc2 g6 5. Bf4 Bf5 6. Qb3 Qb6 7. c5 Qxb3 8. axb3
Na6 9. Nc3 Nb4 10. Kd2 Ng4 11. Bg3 h5 12. e3 Bh6 13. Rc1 O-O 14. h3 Nf6 15. Be2
b6 16. cxb6 axb6 17. Ra1 Be4 18. Ra4 Rxa4 19. bxa4 c5 20. Bc7 Bxf3 21. gxf3
cxd4 22. Nb5 Rc8 23. a5 dxe3+ 24. fxe3 bxa5 25. Rc1 d4 26. Nxd4 Nfd5 27. Bf4
Rxc1 28. Kxc1 Nxf4 29. exf4 Bxf4+ 30. Kd1 Be5 31. Nc2 Bxb2 32. Nxb4 axb4 33.
Bc4 Kg7 34. Ke2 Kf6 35. Kf2 e6 36. Ke3 Kg5 37. Kf2 Kf4 38. Bb3 Bd4+ 39. Kg2 h4
40. Bc4 Ke3 0-1

[Event "4NCL Division Four"]
[Site "Telford, ENG"]
[Date "2024.05.04"]
[Round "9.32"]
[White "Cave, Iwan"]
[Black "Sturt, Charles A"]
[Result "1/2-1/2"]
[WhiteElo "1971"]
[BlackElo "1768"]
[PlyCount "107"]
[EventDate "2024.05.04"]
[WhiteTeam "ToBeDecided"]
[BlackTeam "Celtic Tigers 3"]

1. e4 e6 2. d4 d5 3. Nd2 dxe4 4. Nxe4 Bd7 5. Nf3 Bc6 6. Bd3 Nd7 7. O-O Ngf6 8.
Ng3 Be7 9. Ne5 Nxe5 10. dxe5 Qd5 11. f3 Bc5+ 12. Kh1 Qxe5 13. Re1 Qd6 14. Nf5
Qf8 15. Bc4 Bd7 16. c3 O-O-O 17. Ne3 Bc6 18. Qc2 g5 19. b4 Bd6 20. Qf2 Qh6 21.
Nf1 b6 22. a4 Nd5 23. a5 Qh4 24. Qxh4 gxh4 25. axb6 axb6 26. Bxd5 exd5 27. Bg5
Rde8 28. Bxh4 d4 29. Bf6 Rxe1 30. Rxe1 Re8 31. Rxe8+ Bxe8 32. Bxd4 c5 33. bxc5
bxc5 34. Be3 c4 35. Bd4 Kb7 36. Ne3 Bb5 37. Kg1 Ka6 38. Nf5 Ba3 39. Kf2 Bd7 40.
Ng3 Be7 41. Ke3 Kb5 42. Kf4 Ka4 43. Ne4 Bc8 44. Bc5 Bd8 45. Ke5 h6 46. Kd4 Be6
47. g3 f5 48. Nd2 Bf6+ 49. Ke3 Bxc3 50. Nb1 Be5 51. Bd4 Bxd4+ 52. Kxd4 Kb4 53.
Nc3 h5 54. Na2+ 1/2-1/2

[Event "4NCL Division Four"]
[Site "Telford, ENG"]
[Date "2024.05.04"]
[Round "9.33"]
[White "Perchard, Matthew"]
[Black "Gurner, Jem"]
[Result "0-1"]
[WhiteElo "1570"]
[BlackElo "1990"]
[PlyCount "98"]
[EventDate "2024.05.04"]
[WhiteTeam "Celtic Tigers 3"]
[BlackTeam "ToBeDecided"]

1. e4 c5 2. Nf3 d6 3. d4 cxd4 4. Nxd4 Nf6 5. Nc3 a6 6. Be3 e5 7. Nb3 Be7 8. f3
Be6 9. Qd2 h5 10. h3 Nbd7 11. O-O-O h4 12. Bd3 b5 13. Kb1 Nb6 14. Bxb6 Qxb6 15.
Nd5 Nxd5 16. exd5 Bxd5 17. Bxb5+ axb5 18. Qxd5 O-O 19. Rhe1 Qa7 20. Nc1 Rfc8
21. Nd3 Rc4 22. Nc1 Bg5 23. Re4 Bxc1 24. Rxc4 Qxa2+ 25. Kxc1 bxc4 26. Qb5 c3
27. bxc3 Rc8 28. Qb3 Qa1+ 29. Kd2 Qa5 30. Qb4 Qc7 31. Ke2 Qxc3 32. Qxd6 Qxc2+
33. Rd2 Qc4+ 34. Qd3 Qxd3+ 35. Kxd3 Rd8+ 36. Ke3 Rxd2 37. Kxd2 f5 38. Ke3 Kf7
39. f4 e4 40. Kd4 Ke6 41. Ke3 Kd5 42. Kf2 Kd4 43. g4 hxg3+ 44. Kxg3 Kd3 45. Kh4
e3 46. Kg5 e2 47. Kxf5 e1=Q 48. Kg5 Qg3+ 49. Kf5 Qxh3+ 0-1

[Event "4NCL Division Four"]
[Site "Telford, ENG"]
[Date "2024.05.04"]
[Round "9.34"]
[White "Larkin, Benjamin"]
[Black "Rose, Peter"]
[Result "1-0"]
[WhiteElo "1934"]
[BlackElo "1662"]
[PlyCount "65"]
[EventDate "2024.05.04"]
[WhiteTeam "ToBeDecided"]
[BlackTeam "Celtic Tigers 3"]

1. e4 c6 2. d4 d5 3. e5 Bf5 4. h4 h5 5. Bd3 Bxd3 6. Qxd3 c5 7. Nf3 Nc6 8. e6
fxe6 9. Qg6+ Kd7 10. Ng5 Nxd4 11. Nf7 Qe8 12. Na3 Rh6 13. Ne5+ Kd6 14. Bxh6
Nxh6 15. Qg3 Nhf5 16. Qf4 Qa4 17. Ng6+ Kd7 18. c3 Nc2+ 19. Nxc2 Qxc2 20. O-O b5
21. Rfe1 Qa4 22. Qe5 Qa6 23. a4 Qd6 24. axb5 Qxe5 25. Nxe5+ Kd6 26. Ra6+ Kc7
27. Rea1 Nd6 28. b6+ Kb7 29. Rxa7+ Rxa7 30. bxa7 Ka8 31. Ra6 d4 32. cxd4 c4 33.
Nd7 1-0

[Event "4NCL Division Four"]
[Site "Telford, ENG"]
[Date "2024.05.04"]
[Round "9.35"]
[White "Flavell, Archie"]
[Black "Honey, Luke Anthony"]
[Result "0-1"]
[WhiteElo "1634"]
[BlackElo "1996"]
[PlyCount "72"]
[EventDate "2024.05.04"]
[WhiteTeam "Celtic Tigers 3"]
[BlackTeam "ToBeDecided"]

1. e4 c6 2. d4 d5 3. e5 c5 4. dxc5 Nc6 5. Nf3 Bg4 6. Bb5 Qa5+ 7. Nc3 e6 8. Be3
Nge7 9. a3 O-O-O 10. b4 Qc7 11. Bxc6 Nxc6 12. Nb5 Bxf3 13. gxf3 Qxe5 14. O-O d4
15. Bd2 a6 16. a4 axb5 17. axb5 Nb8 18. Re1 Qf5 19. Ra8 g5 20. c3 dxc3 21. b6
cxd2 22. Re2 Qxf3 23. c6 Qxe2 24. Rxb8+ Kxb8 25. c7+ Kc8 26. cxd8=Q+ Kxd8 27.
Qxe2 Bxb4 28. Qg4 Ke8 29. Kf1 f5 30. Qd4 Bc3 31. Qd6 Kf7 32. Ke2 Kf6 33. Qd3
Rc8 34. Kd1 Ba5 35. Qd4+ Kg6 36. Ke2 Rc1 0-1

[Event "4NCL Division Four"]
[Site "Telford, ENG"]
[Date "2024.05.04"]
[Round "9.36"]
[White "Rathbone-Jones, Nerys"]
[Black "Rigby, Charles"]
[Result "0-1"]
[WhiteElo "600"]
[BlackElo "1543"]
[PlyCount "60"]
[EventDate "2024.05.04"]
[WhiteTeam "ToBeDecided"]
[BlackTeam "Celtic Tigers 3"]

1. d4 d5 2. Bf4 Nf6 3. Nf3 c5 4. c3 Nc6 5. e3 Qb6 6. Bd3 Qxb2 7. O-O Qxa1 8.
Qc2 c4 9. Bxc4 dxc4 10. Ne5 Nxe5 11. dxe5 Nd5 12. Bg5 Nb4 13. Qa4+ Bd7 14. Qxb4
Qxa2 15. Qc5 Rc8 16. Qd5 Qa6 17. Rd1 Qc6 18. Qxd7+ Qxd7 19. Rxd7 Kxd7 20. Nd2
a5 21. Nxc4 Rxc4 22. e6+ Kxe6 23. f3 a4 24. e4 a3 25. f4 Rxe4 26. f5+ Kxf5 27.
Bd2 a2 28. g4+ Rxg4+ 29. Kf1 a1=Q+ 30. Kf2 Qg1+ 0-1

[Event "4NCL Division Four"]
[Site "Telford, ENG"]
[Date "2024.05.04"]
[Round "9.41"]
[White "Sagyaman, Francis William"]
[Black "Madan, Augustin"]
[Result "0-1"]
[WhiteElo "1998"]
[BlackElo "2278"]
[PlyCount "110"]
[EventDate "2024.05.04"]
[WhiteTeam "Coventry"]
[BlackTeam "Desert Penguins"]

1. e4 c5 2. Nf3 e6 3. d4 cxd4 4. c3 dxc3 5. Nxc3 a6 6. Bc4 Nc6 7. O-O Nge7 8.
Bg5 f6 9. Be3 Ng6 10. Qe2 b5 11. Bb3 Na5 12. Bc2 Nc4 13. Bc1 Nce5 14. Rd1 Bc5
15. Bb3 Qe7 16. Kh1 Nxf3 17. gxf3 Bd6 18. Be3 Bb7 19. Rac1 Ne5 20. a3 Rc8 21.
f4 Nf7 22. f3 O-O 23. Qd2 Bc6 24. Rg1 Kh8 25. Qg2 Rg8 26. Ne2 Bb7 27. Rxc8 Bxc8
28. Qf2 Bb7 29. Ng3 g6 30. Ne2 g5 31. f5 Ne5 32. Ng3 g4 33. f4 Nc4 34. Rg2 e5
35. Bxc4 bxc4 36. fxe5 Bxe5 37. Bf4 Bxf4 38. Qxf4 d5 39. Re2 d4 40. Kg1 Qe5 41.
Qh6 d3 42. Rd2 Rg7 43. Rf2 Rf7 44. Qh5 Rd7 45. Qh6 Rf7 46. Qc1 Qd4 47. Qf4 Rd7
48. Qh6 Kg8 49. Qd2 Bxe4 50. Nxe4 Qxe4 51. Rf4 Qd5 52. Kf2 h5 53. Kg3 Re7 54.
Rf2 Qd4 55. Kg2 Qe4+ 0-1

[Event "4NCL Division Four"]
[Site "Telford, ENG"]
[Date "2024.05.04"]
[Round "9.42"]
[White "Bansal, Rohan"]
[Black "Maung Maung Latt"]
[Result "1/2-1/2"]
[WhiteElo "1990"]
[BlackElo "1944"]
[PlyCount "105"]
[EventDate "2024.05.04"]
[WhiteTeam "Desert Penguins"]
[BlackTeam "Coventry"]

1. d4 d5 2. Nf3 c6 3. g3 Bf5 4. Bg2 e6 5. O-O Nf6 6. c4 Be7 7. b3 O-O 8. Bb2 h6
9. Nbd2 Nbd7 10. Re1 a5 11. a3 b5 12. Ne5 Rc8 13. e4 dxe4 14. Nxe4 Bxe4 15.
Bxe4 Nxe5 16. dxe5 Nxe4 17. Rxe4 Bc5 18. Qf3 Qd2 19. Bc1 Qc2 20. Bxh6 gxh6 21.
Rg4+ Kh7 22. Qf6 Qxf2+ 23. Qxf2 Bxf2+ 24. Kxf2 Rfd8 25. Ke3 Rd7 26. Rd4 Rb7 27.
c5 a4 28. b4 Rbc7 29. Rd2 Kg6 30. Rf1 Rh8 31. Rd6 Kg7 32. g4 Rg8 33. Rfd1 Rgc8
34. Kf4 Kg6 35. h4 Rg8 36. Rd7 Rgc8 37. R1d6 h5 38. g5 Rxd7 39. Rxd7 Kg7 40.
Ke4 Kg6 41. Rd1 Kg7 42. Rd4 Kg6 43. Rd6 Kg7 44. Rd1 Kg6 45. Rd2 Kg7 46. Rh2 Re8
47. Rh3 Rd8 48. Rd3 Rd5 49. Rxd5 exd5+ 50. Kf5 Kf8 51. Kf4 Ke7 52. Ke3 Ke8 53.
Kf3 1/2-1/2

[Event "4NCL Division Four"]
[Site "Telford, ENG"]
[Date "2024.05.04"]
[Round "9.43"]
[White "Goodwin, Ed H"]
[Black "Bharat Kumar, Balahari"]
[Result "1/2-1/2"]
[WhiteElo "1898"]
[BlackElo "1895"]
[PlyCount "88"]
[EventDate "2024.05.04"]
[WhiteTeam "Coventry"]
[BlackTeam "Desert Penguins"]

1. d4 d5 2. Nf3 Nf6 3. c4 e6 4. Nc3 a6 5. cxd5 exd5 6. Bg5 c6 7. Qc2 Be6 8. e3
Nbd7 9. Bd3 h6 10. Bh4 g5 11. Bg3 Nh5 12. a3 Nxg3 13. hxg3 Bg7 14. b4 Qe7 15.
Rb1 Bf6 16. Kf1 h5 17. Ne2 O-O-O 18. b5 axb5 19. Bxb5 Qd6 20. Bd3 h4 21. gxh4
g4 22. Nd2 Bxh4 23. Qb2 Qc7 24. g3 Be7 25. Kg2 Rxh1 26. Rxh1 c5 27. dxc5 Nxc5
28. Rc1 Kb8 29. Bb1 Qd7 30. Nd4 Rc8 31. Nb5 f6 32. Nd4 Na4 33. Rxc8+ Qxc8 34.
Qb3 Nc5 35. Qb6 Qc7 36. Qb2 Bc8 37. Qa2 Qe5 38. Ne2 Bf5 39. Bxf5 Qxf5 40. Nf4
Nd3 41. Nxd3 Qxd3 42. a4 d4 43. exd4 Qxd4 44. Qe6 Qxd2 1/2-1/2

[Event "4NCL Division Four"]
[Site "Telford, ENG"]
[Date "2024.05.04"]
[Round "9.44"]
[White "Quillaud, Maxime"]
[Black "Edwards, Rhys"]
[Result "1-0"]
[WhiteElo "1903"]
[BlackElo "1729"]
[PlyCount "55"]
[EventDate "2024.05.04"]
[WhiteTeam "Desert Penguins"]
[BlackTeam "Coventry"]

1. d4 d5 2. c4 c6 3. Nf3 Nf6 4. Nc3 dxc4 5. a4 Bf5 6. e3 e6 7. Bxc4 Nbd7 8. O-O
Bb4 9. Qe2 O-O 10. e4 Bg6 11. Bg5 Bxc3 12. bxc3 Bxe4 13. Ne5 Bg6 14. h4 Qa5 15.
g4 Nxe5 16. dxe5 h6 17. exf6 hxg5 18. fxg7 Kxg7 19. h5 Bh7 20. Qe3 Qb6 21.
Qxg5+ Bg6 22. hxg6 f6 23. Qe3 Qc7 24. Kg2 Kxg6 25. Qxe6 Rae8 26. Qf5+ Kg7 27.
Rh1 Rh8 28. Rad1 1-0

[Event "4NCL Division Four"]
[Site "Telford, ENG"]
[Date "2024.05.04"]
[Round "9.45"]
[White "Manickam, Saravanna Bava"]
[Black "Ding, Yiwen"]
[Result "1-0"]
[WhiteElo "1744"]
[BlackElo "1806"]
[PlyCount "107"]
[EventDate "2024.05.04"]
[WhiteTeam "Coventry"]
[BlackTeam "Desert Penguins"]

1. d4 d5 2. c4 e6 3. Nf3 Nf6 4. e3 a6 5. Nbd2 Be7 6. Bd3 O-O 7. O-O Nbd7 8. b3
b6 9. Qc2 Bb7 10. Bb2 h6 11. Rad1 c5 12. Ne5 Qc7 13. Nxd7 Qxd7 14. dxc5 bxc5
15. Bxf6 Bxf6 16. cxd5 exd5 17. Qxc5 Rac8 18. Qb4 Bc3 19. Qf4 Qe7 20. Nf3 Rc6
21. Nd4 Bxd4 22. exd4 Rf6 23. Qg3 Re8 24. Rc1 Qb4 25. Rcd1 Bc8 26. h3 Bf5 27.
Bxf5 Rxf5 28. Qd3 Rf6 29. Qd2 Qxd2 30. Rxd2 Rfe6 31. f3 g6 32. Kf2 Kg7 33. Rc1
Rd8 34. Rc5 Kf6 35. Rdc2 Rdd6 36. b4 Re7 37. a4 Rb7 38. b5 axb5 39. Rxb5 Rxb5
40. axb5 Rb6 41. Rc5 Ke6 42. Ke3 f5 43. h4 g5 44. h5 Kd6 45. Kd3 Rb7 46. Kc3
Ra7 47. Rc6+ Kd7 48. Rxh6 Ra2 49. Rh7+ Kc8 50. Rg7 Rxg2 51. h6 Rg3 52. h7 Rxf3+
53. Kb4 Rh3 54. Rg8+ 1-0